[Event "Dhaka Walton op 07"]
[Site "Dhaka"]
[Date "2018.07.11"]
[Round "8"]
[White "Abhijit, Mondal"]
[Black "Mohammad, Sagar"]
[Result "0-1"]
[WhiteElo "1786"]
[BlackElo "1976"]
[PlyCount "48"]
[EventDate "2018.07.04"]
[EventType "swiss"]
[EventRounds "9"]
[EventCountry "BAN"]
[SourceTitle "EXT 2019"]
[Source "ChessBase"]
[SourceDate "2018.10.10"]
[SourceVersion "1"]
[SourceVersionDate "2018.10.10"]
[SourceQuality "1"]

1. d4 Nf6 2. c4 e6 3. Nf3 d5 4. g3 Be7 5. Bg2 a6 6. 0-0 0-0 7. Qb3 dxc4 8. Qxc4 b5 9. Qb3 Bb7 10. Nc3 Nbd7 11. Bf4 c5 12. Rfd1 Qb6 13. Rac1 Rac8 14. a3 Bxf3 15. Bxf3 cxd4 16. Na2 e5 17. Bg5 a5 18. Qd3 h6 19. Bxf6 Nxf6 20. Qf5 Qb8 21. Rd2 Rxc1+ 22. Nxc1 Qc8 23. Qc2 a4 24. Qc6 e4 0-1